000 00466nmm a2200169Ia 4500
008 251105s9999||||xx |||||||||||||||||und||
020 _a9788499533735
041 _aspa
100 _aTanco y Bosmeniel, Félix
245 0 _aPetrona y Rosalía
264 _a[Madrid, España] :
_bLinkgua,
_c2016
300 _a140 páginas
490 _aNarrativa
650 _aLatin American narrative
856 _uhttps://public.digitaliapublishing.com/a/16388
942 _cCF
999 _c93086
_d93086